000 00222nam a2200097Ia 4500
005 20251222114353.0
008 251222s1900||||xx |||||||||||||| ||spa||
082 _aDVD0070/W46/1993
245 0 _aFaraway, so close
942 _cDVD
999 _c1310
_d1310